Microeconomic Analytics : A Vade Mecum for Students Reading Modern Economics /
Đã lưu trong:
| Hovedforfatter: | |
|---|---|
| Andre forfattere: | |
| Format: | Sách giấy |
| Sprog: | English |
| Udgivet: |
Singapore :
Prentice-Hall ,
1995
|
| Tags: |
Tilføj Tag
Ingen Tags, Vær først til at tagge denne postø!
|
| Thư viện lưu trữ: | Thư viện Trường Đại học Đà Lạt |
|---|
| LEADER | 00695nam a2200265 4500 | ||
|---|---|---|---|
| 001 | DLU020014438 | ||
| 005 | ##6/29/2000 | ||
| 020 | # | # | |a 978- |
| 041 | # | # | |a eng |
| 082 | # | # | |a 338.5 |b CH-M |
| 090 | # | # | |a 338.5 |b CH-M |
| 100 | # | # | |a Cheung, Michael Tow |
| 245 | # | # | |a Microeconomic Analytics : |b A Vade Mecum for Students Reading Modern Economics / |c Cheung Michael Tow, Yeung David W. K. |
| 260 | # | # | |a Singapore : |b Prentice-Hall , |c 1995 |
| 300 | # | # | |a XX, 128 tr.; |c 24 cm. |
| 700 | # | # | |a Yeung, David W. K. |
| 992 | # | # | |a 329000 |
| 994 | # | # | |a DLU |
| 900 | # | # | |a False |
| 911 | # | # | |a Administrator |
| 925 | # | # | |a G |
| 926 | # | # | |a A |
| 927 | # | # | |a SH |
| 980 | # | # | |a Thư viện Trường Đại học Đà Lạt |